| 000 | 00479nam a2200181Ia 4500 | ||
|---|---|---|---|
| 001 | 1057 | ||
| 005 | 20260306140604.0 | ||
| 008 | 260306t1975||||xx |||||||||||||| ||spa|| | ||
| 041 | _aESP | ||
| 082 |
_a180 _bH447 |
||
| 100 |
_aUrdanoz, Teófilo _eAUT |
||
| 245 | 0 |
_aHistoria de la filosofía: _bsiglo XIX: Socialismo, materialismo y positivismo. Kierkegaard y Nietzsche |
|
| 260 | _c1975 | ||
| 300 |
_a _c19 cm. |
||
| 650 | _aGEN | ||
| 654 | _aCHU | ||
| 942 |
_cLIB _dJUS _fJUS _2ddc _n |
||
| 999 |
_c1057 _d1057 |
||